Vplyv súčasnej ekonomickej krízy na toky priamych zahraničných investícií (na príklade firiem ropného priemyslu)
Zhodnotenie vplyvu ekonomickej krízy na investície super-majors. Vplyv krízy na priame zahraničné investície čínskych štátnych ropných spoločností.
Guardado en:
| Autor principal: | |
|---|---|
| Otros Autores: | |
| Formato: | Capítulo de libro |
| Lenguaje: | eslovaco |
| Materias: | |
| Etiquetas: |
Sin Etiquetas, Sea el primero en etiquetar este registro!
|
MARC
| LEADER | 00000naa a2200000 4500 | ||
|---|---|---|---|
| 001 | 0161549 | ||
| 005 | 20240502072813.1 | ||
| 041 | 0 | |a slo | |
| 044 | |a SK | ||
| 245 | 1 | 0 | |a Vplyv súčasnej ekonomickej krízy na toky priamych zahraničných investícií (na príklade firiem ropného priemyslu) |c Tatiana Hlušková, Daniel Krajčík |
| 520 | |a Zhodnotenie vplyvu ekonomickej krízy na investície super-majors. Vplyv krízy na priame zahraničné investície čínskych štátnych ropných spoločností. | ||
| 610 | 2 | 0 | |a kríza finančná |
| 610 | 2 | 0 | |a priemysel ťažký |
| 610 | 2 | 0 | |a ropa |
| 610 | 2 | 0 | |a energetika |
| 610 | 2 | 0 | |a Čína |
| 610 | 2 | 0 | |a ťažba surovín |
| 610 | 2 | 0 | |a investície priame zahraničné |
| 100 | 1 | |a Hlušková, Tatiana, 1987- | |
| 700 | 1 | |a Krajčík, Daniel, 1981- | |